Missing Word: '00s Best Movie Soundtrack Quiz Stats

 Plays Quiz Updated Feb 10, 2016

Challenge
Share
Tweet
Embed
Score 0/20 Timer 03:00
0 Plays Today
Movie Answer % Correct
Slumdog ___Millionaire
95.5%
___, Inc.Monsters
95.5%
Crouching Tiger, ___ DragonHidden
95%
Pride & ___Prejudice
94.2%
A ___ MindBeautiful
93.5%
The ___ LockerHurt
93%
The ___ of the ChristPassion
83.8%
3:10 to ___Yuma
81.8%
Road to ___Perdition
78.6%
___ of a GeishaMemoirs
77.4%
Movie Answer % Correct
Pan's ___Labyrinth
73.5%
Cold ___Mountain
63.4%
The Constant ___Gardener
63.4%
___ FishBig
61.4%
___ ClaytonMichael
60.4%
___ of Sand and FogHouse
53.5%
___ on a ScandalNotes
40.9%
Finding ___Neverland
40.4%
The ___ GermanGood
33.9%
Far from ___Heaven
23.3%

Today's Daily Dose

Missing Word
Animated TV Series

Word Ladder
Boston

Quick Pick
'H' Literature

On This Day
August 16th II

You're not logged in!

Compare scores with friends on all Sporcle quizzes.
Join for Free
OR
Log In

You Might Also Like...

Show Comments

Extras

Top Quizzes Today


Score Distribution

Your Account Isn't Verified!

In order to create a playlist on Sporcle, you need to verify the email address you used during registration. Go to your Sporcle Settings to finish the process.

Report this User

Report this user for behavior that violates our Community Guidelines.

Details: